Grupos de ocho #1 - Estadísticas

Estadísticas generales
  • Esta prueba ha sido intentada 8.134 veces
  • La puntuación promedio es 41 de 72
Estadísticas de respuestas
Grupo Respuesta % Correcto
Los planetas Tierra
99%
Los planetas Marte
98%
Los planetas Saturno
98%
Los planetas Júpiter
97%
Los planetas Urano
96%
Los planetas Venus
96%
Los países que han ganado la Copa Mundial (Masc.) España
95%
Los planetas Mercurio
95%
Los países que han ganado la Copa Mundial (Masc.) Argentina
94%
Los países que han ganado la Copa Mundial (Masc.) Brasil
94%
Los países entre EE.UU. y Colombia México
94%
Los planetas Neptuno
94%
Los países que han ganado la Copa Mundial (Masc.) Alemania
92%
Los países que han ganado la Copa Mundial (Masc.) Francia
92%
Las especies de los osos Oso polar
90%
Los países que han ganado la Copa Mundial (Masc.) Italia
88%
Los países entre EE.UU. y Colombia Panamá
87%
Las especies de los osos Oso pardo
85%
Los países entre EE.UU. y Colombia El Salvador
84%
Los países entre EE.UU. y Colombia Honduras
84%
Los países entre EE.UU. y Colombia Guatemala
83%
Los países entre EE.UU. y Colombia Nicaragua
83%
Los países entre EE.UU. y Colombia Costa Rica
82%
Los países que han ganado la Copa Mundial (Masc.) Uruguay
79%
Las especies de los osos Panda gigante
78%
Los países que han ganado la Copa Mundial (Masc.) Inglaterra
77%
Los países entre EE.UU. y Colombia Belice
75%
Los países que limitan con Turquía Grecia
74%
Los países que limitan con Turquía Georgia
71%
La categoría gramatical Verbo
71%
La categoría gramatical Adjetivo
70%
Los países que limitan con Turquía Armenia
69%
Los países que limitan con Turquía Irak
67%
Los países que limitan con Turquía Irán
67%
La categoría gramatical Sustantivo
67%
Los países que limitan con Turquía Siria
66%
La categoría gramatical Adverbio
65%
Los países que limitan con Turquía Azerbaiyán
65%
Los países que limitan con Turquía Bulgaria
57%
Las especies de los osos Oso Negro
56%
La categoría gramatical Preposición
51%
Provincias argentinas con legislatura bicameral Buenos Aires
49%
La categoría gramatical Pronombre
48%
Los estados que bordean los Grandes Lagos Míchigan
46%
Provincias argentinas con legislatura bicameral San Luis
44%
La categoría gramatical Conjunción
40%
Provincias argentinas con legislatura bicameral Catamarca
37%
Los estados que bordean los Grandes Lagos Illinois
36%
Los estados que bordean los Grandes Lagos Nueva York
36%
Los estados que bordean los Grandes Lagos Ohio
36%
Los estados que bordean los Grandes Lagos de EEUU Minnesota
32%
Los estados que bordean los Grandes Lagos Indiana
30%
Los estados y territorios de Australia Tasmania
29%
Los estados que bordean los Grandes Lagos Wisconsin
29%
Los estados que bordean los Grandes Lagos Pensilvania
28%
Provincias argentinas con legislatura bicameral Corrientes
25%
Provincias argentinas con legislatura bicameral Entre Ríos
25%
Los estados y territorios de Australia Queensland
23%
La categoría gramatical Interjección
21%
Provincias argentinas con legislatura bicameral Mendoza
21%
Los estados y territorios de Australia Nueva Gales del Sur
21%
Los estados y territorios de Australia Victoria
20%
Los estados y territorios de Australia Australia Occidental
19%
Las especies de los osos Oso bezudo
18%
Los estados y territorios de Australia Australia Meridional
16%
Provincias argentinas con legislatura bicameral Santa Fe
15%
Provincias argentinas con legislatura bicameral Salta
14%
Las especies de los osos Oso de anteojos
13%
Las especies de los osos Oso malayo
12%
Los estados y territorios de Australia Territorio del Norte
10%
Los estados y territorios de Australia Territorio de la Capital Australiana
9%
Las especies de los osos Oso tibetano
7%
No se encontraron pruebas coincidentes
Distribución de puntuación
Porcentaje de gente con cada puntuación
Porcentaje por número respondido
Historial de tus puntuaciones
No has intentado esta prueba.